[Event "Blitz 2018"]
[Site "Saint-Petersburg"]
[Date "2018.12.29"]
[Round "10"]
[Board "24"]
[White "Ghaem Maghami Ehsan (IRI)"]
[Black "Melkumyan Hrant (ARM)"]
[Result "1-0"]
[LiveChessVersion "1.4.8"]
[BlackElo "2699"]
[WhiteElo "2582"]

1. c4 {[%clk 0:03:03]} e5 {[%clk 0:02:58]} 2. Nc3 {[%clk 0:03:03]} Nf6
{[%clk 0:02:59]} 3. Nf3 {[%clk 0:03:04]} Nc6 {[%clk 0:03:00]} 4. e4
{[%clk 0:03:04]} Bd6 {[%clk 0:03:01]} 5. a3 {[%clk 0:03:04]} O-O {[%clk 0:02:56]}
6. d3 {[%clk 0:02:56]} Re8 {[%clk 0:02:57]} 7. Be2 {[%clk 0:02:39]} h6
{[%clk 0:02:58]} 8. O-O {[%clk 0:02:32]} a5 {[%clk 0:02:59]} 9. Be3
{[%clk 0:02:21]} Ng4 {[%clk 0:03:00]} 10. Bd2 {[%clk 0:01:52]} Bc5
{[%clk 0:03:01]} 11. h3 {[%clk 0:01:53]} Nf6 {[%clk 0:03:02]} 12. Be3
{[%clk 0:01:54]} d6 {[%clk 0:02:59]} 13. Qd2 {[%clk 0:01:52]} Nd4
{[%clk 0:02:38]} 14. Bxd4 {[%clk 0:01:49]} exd4 {[%clk 0:02:39]} 15. Nb5
{[%clk 0:01:45]} c6 {[%clk 0:01:46]} 16. Nbxd4 {[%clk 0:01:45]} a4
{[%clk 0:01:47]} 17. Nc2 {[%clk 0:01:34]} Bb6 {[%clk 0:01:48]} 18. Rac1
{[%clk 0:01:12]} Nd7 {[%clk 0:01:37]} 19. Bd1 {[%clk 0:00:39]} Nc5
{[%clk 0:01:38]} 20. Ne3 {[%clk 0:00:26]} Qf6 {[%clk 0:01:35]} 21. Ng4
{[%clk 0:00:13]} Bxg4 {[%clk 0:01:36]} 22. hxg4 {[%clk 0:00:15]} Ne6
{[%clk 0:01:37]} 23. g3 {[%clk 0:00:10]} Bd4 {[%clk 0:01:18]} 24. Rb1
{[%clk 0:00:10]} Nc5 {[%clk 0:01:16]} 25. Kg2 {[%clk 0:00:09]} Rad8
{[%clk 0:01:13]} 26. Re1 {[%clk 0:00:06]} Re7 {[%clk 0:00:55]} 27. Bc2
{[%clk 0:00:05]} Rde8 {[%clk 0:00:53]} 28. Nxd4 {[%clk 0:00:06]} Qxd4
{[%clk 0:00:54]} 29. Qc3 {[%clk 0:00:06]} Ne6 {[%clk 0:00:24]} 30. Bxa4
{[%clk 0:00:05]} Qxc3 {[%clk 0:00:25]} 31. bxc3 {[%clk 0:00:06]} Ra8
{[%clk 0:00:26]} 32. Bb3 Rxa3 {[%clk 0:00:15]} 33. d4 {[%clk 0:00:07]} c5
{[%clk 0:00:16]} 34. Red1 {[%clk 0:00:05]} g6 {[%clk 0:00:14]} 35. Rd2
{[%clk 0:00:05]} Kg7 {[%clk 0:00:15]} 36. f3 {[%clk 0:00:06]} Rc7
{[%clk 0:00:13]} 37. d5 {[%clk 0:00:05]} Nf8 {[%clk 0:00:13]} 38. Rdb2
{[%clk 0:00:04]} Nd7 {[%clk 0:00:13]} 39. f4 {[%clk 0:00:04]} Nf6
{[%clk 0:00:09]} 40. Kf3 {[%clk 0:00:06]} Re7 {[%clk 0:00:11]} 41. Re1
{[%clk 0:00:06]} b5 {[%clk 0:00:12]} 42. cxb5 {[%clk 0:00:06]} c4
{[%clk 0:00:12]} 43. Bc2 {[%clk 0:00:06]} Rxc3+ {[%clk 0:00:13]} 44. Re3
{[%clk 0:00:06]} Nxd5 {[%clk 0:00:09]} 45. Rxc3 {[%clk 0:00:06]} Nxc3
{[%clk 0:00:10]} 46. Rb4 {[%clk 0:00:06]} Rb7 {[%clk 0:00:06]} 47. b6
{[%clk 0:00:06]} d5 {[%clk 0:00:06]} 48. Ke3 {[%clk 0:00:06]} dxe4
{[%clk 0:00:03]} 49. Kd4 {[%clk 0:00:06]} Na2 {[%clk 0:00:03]} 50. Rb5
{[%clk 0:00:07]} c3 {[%clk 0:00:03]} 51. Bxe4 {[%clk 0:00:07]} Rd7+
{[%clk 0:00:04]} 52. Ke3 {[%clk 0:00:07]} Re7 {[%clk 0:00:05]} 53. Kf3
{[%clk 0:00:07]} Re8 {[%clk 0:00:04]} 54. b7 {[%clk 0:00:08]} Rb8
{[%clk 0:00:05]} 55. Ke3 {[%clk 0:00:07]} Kf6 {[%clk 0:00:05]} 56. Kd4
{[%clk 0:00:08]} Ke7 {[%clk 0:00:06]} 57. Bb1 {[%clk 0:00:07]} Nc1
{[%clk 0:00:06]} 58. Kxc3 {[%clk 0:00:08]} Ne2+ {[%clk 0:00:07]} 59. Kc4
{[%clk 0:00:09]} Kd6 {[%clk 0:00:09]} 60. Be4 {[%clk 0:00:08]} Nxg3
{[%clk 0:00:09]} 61. Bd5 {[%clk 0:00:08]} f5 {[%clk 0:00:06]} 62. Rb6+
{[%clk 0:00:08]} Kd7 {[%clk 0:00:06]} 63. Rxg6 {[%clk 0:00:08]} fxg4
{[%clk 0:00:07]} 64. Kc5 {[%clk 0:00:08]} Nf5 {[%clk 0:00:07]} 65. Be6+
{[%clk 0:00:09]} Ke7 {[%clk 0:00:05]} 66. Bxf5 {[%clk 0:00:10]} h5
{[%clk 0:00:05]} 67. Be4 {[%clk 0:00:10]} Kf7 {[%clk 0:00:05]} 68. f5
{[%clk 0:00:11]} Re8 {[%clk 0:00:05]} 69. Kd6 {[%clk 0:00:11]} h4
{[%clk 0:00:04]} 70. Bd5+ {[%clk 0:00:12]} 1-0

[Event "Blitz 2018"]
[Site "Saint-Petersburg"]
[Date "2018.12.29"]
[Round "10"]
[Board "25"]
[White "Yilmaz Mustafa (TUR)"]
[Black "Dreev Aleksey (RUS)"]
[Result "0-1"]
[LiveChessVersion "1.4.8"]
[BlackElo "2675"]
[WhiteElo "2515"]

1. c4 {[%clk 0:03:03]} c6 {[%clk 0:03:03]} 2. Nf3 {[%clk 0:03:04]} d5
{[%clk 0:03:05]} 3. e3 {[%clk 0:03:05]} Nf6 {[%clk 0:03:05]} 4. Qc2
{[%clk 0:03:05]} a6 {[%clk 0:03:00]} 5. b3 {[%clk 0:03:04]} Bg4 {[%clk 0:02:59]}
6. Be2 {[%clk 0:02:50]} Nbd7 {[%clk 0:02:59]} 7. Bb2 {[%clk 0:02:50]} e6
{[%clk 0:02:59]} 8. O-O {[%clk 0:02:34]} Bd6 {[%clk 0:03:00]} 9. h3
{[%clk 0:02:36]} Bh5 {[%clk 0:03:01]} 10. d3 {[%clk 0:02:22]} O-O
{[%clk 0:03:00]} 11. Nbd2 {[%clk 0:02:24]} e5 {[%clk 0:02:44]} 12. Rfe1
{[%clk 0:02:17]} Re8 {[%clk 0:02:42]} 13. Bf1 {[%clk 0:01:55]} h6
{[%clk 0:02:06]} 14. Nh4 {[%clk 0:01:47]} Nh7 {[%clk 0:02:06]} 15. Nf5
{[%clk 0:01:47]} Bf8 {[%clk 0:02:07]} 16. a3 {[%clk 0:01:17]} Bg6
{[%clk 0:02:05]} 17. Ng3 {[%clk 0:01:17]} Bd6 {[%clk 0:01:55]} 18. b4
{[%clk 0:01:15]} Ng5 {[%clk 0:01:46]} 19. e4 {[%clk 0:01:14]} d4 {[%clk 0:01:33]}
20. c5 {[%clk 0:01:15]} Bc7 {[%clk 0:01:34]} 21. Nc4 {[%clk 0:01:16]} h5
{[%clk 0:01:31]} 22. Qd1 {[%clk 0:01:04]} h4 {[%clk 0:01:28]} 23. Nf5
{[%clk 0:01:05]} Bxf5 {[%clk 0:01:24]} 24. exf5 {[%clk 0:01:06]} Nf6
{[%clk 0:01:16]} 25. Bc1 {[%clk 0:00:45]} Ngh7 {[%clk 0:01:04]} 26. Qf3
{[%clk 0:00:43]} Qd7 {[%clk 0:00:42]} 27. Bd2 {[%clk 0:00:42]} Re7
{[%clk 0:00:42]} 28. g4 {[%clk 0:00:38]} hxg3 {[%clk 0:00:42]} 29. fxg3
{[%clk 0:00:39]} Rae8 {[%clk 0:00:40]} 30. Re4 {[%clk 0:00:26]} g6
{[%clk 0:00:26]} 31. fxg6 {[%clk 0:00:17]} fxg6 {[%clk 0:00:27]} 32. Rae1
{[%clk 0:00:17]} Nxe4 {[%clk 0:00:26]} 33. Rxe4 {[%clk 0:00:17]} Rf8
{[%clk 0:00:26]} 34. Qe2 {[%clk 0:00:18]} Qf5 {[%clk 0:00:24]} 35. Bh6
{[%clk 0:00:17]} Rf6 {[%clk 0:00:21]} 36. g4 {[%clk 0:00:09]} Qd7
{[%clk 0:00:20]} 37. Bd2 {[%clk 0:00:09]} Ref7 {[%clk 0:00:19]} 38. Bg2
{[%clk 0:00:10]} Rf2 {[%clk 0:00:18]} 39. Qxf2 {[%clk 0:00:10]} Rxf2
{[%clk 0:00:19]} 40. Kxf2 {[%clk 0:00:11]} Qf7+ {[%clk 0:00:19]} 41. Ke1
{[%clk 0:00:10]} Nf6 {[%clk 0:00:20]} 42. Re2 {[%clk 0:00:10]} e4
{[%clk 0:00:18]} 43. Bxe4 {[%clk 0:00:06]} Nxe4 {[%clk 0:00:19]} 44. Rxe4
{[%clk 0:00:06]} Qf3 {[%clk 0:00:19]} 45. Re7 {[%clk 0:00:04]} Bg3#
{[%clk 0:00:19]} 0-1

[Event "Blitz 2018"]
[Site "Saint-Petersburg"]
[Date "2018.12.29"]
[Round "10"]
[Board "26"]
[White "Inarkiev Ernesto (RUS)"]
[Black "Bazeev German (RUS)"]
[Result "1-0"]
[LiveChessVersion "1.4.8"]
[BlackElo "2422"]
[WhiteElo "2674"]

1. c4 {[%clk 0:03:03]} Nf6 {[%clk 0:03:00]} 2. Nc3 {[%clk 0:03:03]} e6
{[%clk 0:03:01]} 3. e4 {[%clk 0:03:04]} d5 {[%clk 0:03:02]} 4. cxd5
{[%clk 0:03:03]} exd5 {[%clk 0:03:01]} 5. e5 {[%clk 0:03:04]} Ne4
{[%clk 0:02:59]} 6. d4 {[%clk 0:03:06]} Nxc3 {[%clk 0:02:53]} 7. bxc3
{[%clk 0:03:07]} c5 {[%clk 0:02:48]} 8. Bd3 {[%clk 0:03:06]} Be7 {[%clk 0:02:38]}
9. Ne2 {[%clk 0:03:07]} Nc6 {[%clk 0:02:35]} 10. O-O {[%clk 0:03:06]} O-O
{[%clk 0:02:34]} 11. Be3 {[%clk 0:03:03]} f5 {[%clk 0:02:11]} 12. exf6
{[%clk 0:03:04]} Bxf6 {[%clk 0:02:12]} 13. dxc5 {[%clk 0:02:36]} Ne5
{[%clk 0:02:07]} 14. Bc2 {[%clk 0:02:32]} Bg4 {[%clk 0:02:08]} 15. f3
{[%clk 0:02:30]} Bh5 {[%clk 0:02:02]} 16. Nf4 {[%clk 0:02:24]} Bf7
{[%clk 0:02:02]} 17. Bd4 {[%clk 0:02:25]} Nc4 {[%clk 0:01:56]} 18. Qd3
{[%clk 0:02:25]} g6 {[%clk 0:01:54]} 19. Rfe1 {[%clk 0:02:25]} Rc8
{[%clk 0:01:39]} 20. Ne6 {[%clk 0:02:16]} Bxe6 {[%clk 0:01:39]} 21. Rxe6
{[%clk 0:02:17]} Rc6 {[%clk 0:01:38]} 22. Rae1 {[%clk 0:02:14]} Rxe6
{[%clk 0:01:22]} 23. Rxe6 {[%clk 0:02:15]} Bxd4+ {[%clk 0:01:13]} 24. cxd4
{[%clk 0:02:12]} Qd7 {[%clk 0:01:14]} 25. Re2 {[%clk 0:01:58]} b6
{[%clk 0:01:05]} 26. cxb6 {[%clk 0:01:53]} axb6 {[%clk 0:01:07]} 27. a4
{[%clk 0:01:50]} Nd6 {[%clk 0:01:00]} 28. Bb3 {[%clk 0:01:50]} Qc6
{[%clk 0:00:55]} 29. Re5 {[%clk 0:01:44]} Nc4 {[%clk 0:00:43]} 30. Rxd5
{[%clk 0:01:33]} Rc8 {[%clk 0:00:44]} 31. Rb5 {[%clk 0:01:28]} Qe6
{[%clk 0:00:42]} 32. h3 {[%clk 0:01:19]} Kg7 {[%clk 0:00:42]} 33. Qe4
{[%clk 0:01:15]} Qxe4 {[%clk 0:00:40]} 34. fxe4 {[%clk 0:01:16]} Nd2
{[%clk 0:00:37]} 35. Bd5 {[%clk 0:01:14]} Rc1+ {[%clk 0:00:30]} 36. Kf2
{[%clk 0:01:15]} Rc2 {[%clk 0:00:30]} 37. Ke3 {[%clk 0:01:10]} Nf1+
{[%clk 0:00:29]} 38. Kf4 {[%clk 0:01:08]} Rxg2 {[%clk 0:00:23]} 39. Rxb6
{[%clk 0:01:09]} Nd2 {[%clk 0:00:13]} 40. a5 {[%clk 0:01:11]} Rf2+
{[%clk 0:00:10]} 41. Ke3 {[%clk 0:01:10]} Rh2 {[%clk 0:00:11]} 42. a6
{[%clk 0:01:11]} Nf1+ {[%clk 0:00:12]} 43. Kf4 Rf2+ {[%clk 0:00:12]} 44. Ke5
{[%clk 0:01:13]} Nd2 {[%clk 0:00:10]} 45. a7 {[%clk 0:01:11]} Nf3+
{[%clk 0:00:11]} 46. Kd6 {[%clk 0:01:12]} 1-0

[Event "Blitz 2018"]
[Site "Saint-Petersburg"]
[Date "2018.12.29"]
[Round "10"]
[Board "27"]
[White "Predke Alexandr (RUS)"]
[Black "Indjic Aleksandar (SRB)"]
[Result "1-0"]
[LiveChessVersion "1.4.8"]
[BlackElo "2643"]
[WhiteElo "2482"]

1. e4 {[%clk 0:03:02]} c5 {[%clk 0:03:03]} 2. Nc3 {[%clk 0:03:03]} d6
{[%clk 0:03:03]} 3. Nge2 {[%clk 0:03:04]} Nf6 {[%clk 0:03:03]} 4. g3
{[%clk 0:03:04]} g6 {[%clk 0:03:04]} 5. Bg2 {[%clk 0:03:05]} Bg7 {[%clk 0:03:05]}
6. O-O {[%clk 0:03:06]} Nc6 {[%clk 0:03:05]} 7. d3 {[%clk 0:03:06]} O-O
{[%clk 0:03:05]} 8. f4 Rb8 9. h3 {[%clk 0:03:07]} e6 {[%clk 0:03:01]} 10. Be3
{[%clk 0:02:56]} Nd7 {[%clk 0:02:19]} 11. Qd2 {[%clk 0:02:50]} Nd4
{[%clk 0:02:19]} 12. Rae1 {[%clk 0:02:36]} b5 {[%clk 0:02:19]} 13. Bf2
{[%clk 0:02:21]} b4 {[%clk 0:02:14]} 14. Nd1 {[%clk 0:02:20]} Bb7
{[%clk 0:02:12]} 15. c3 {[%clk 0:02:16]} Nxe2+ {[%clk 0:02:12]} 16. Rxe2
{[%clk 0:02:15]} Ba6 {[%clk 0:02:12]} 17. c4 {[%clk 0:02:11]} Bb7
{[%clk 0:02:08]} 18. d4 {[%clk 0:02:02]} cxd4 {[%clk 0:02:01]} 19. Bxd4
{[%clk 0:02:03]} e5 {[%clk 0:01:52]} 20. Be3 {[%clk 0:01:52]} exf4
{[%clk 0:01:52]} 21. gxf4 {[%clk 0:01:51]} Qc7 {[%clk 0:01:52]} 22. b3
{[%clk 0:01:50]} a5 {[%clk 0:01:49]} 23. Nf2 {[%clk 0:01:49]} Nc5
{[%clk 0:01:44]} 24. f5 {[%clk 0:01:47]} h5 {[%clk 0:01:14]} 25. Bh6
{[%clk 0:01:46]} Qe7 {[%clk 0:01:04]} 26. Bxg7 {[%clk 0:01:45]} Kxg7
{[%clk 0:01:05]} 27. Nd3 {[%clk 0:01:34]} Kh7 {[%clk 0:01:03]} 28. Nxc5
{[%clk 0:01:04]} dxc5 {[%clk 0:01:05]} 29. Ref2 {[%clk 0:01:05]} Rbd8
{[%clk 0:01:02]} 30. Qe3 {[%clk 0:00:56]} Bc8 {[%clk 0:00:53]} 31. e5
{[%clk 0:00:41]} Rde8 {[%clk 0:00:31]} 32. e6 {[%clk 0:00:41]} fxe6
{[%clk 0:00:15]} 33. fxg6+ {[%clk 0:00:42]} Kxg6 {[%clk 0:00:16]} 34. Be4+
{[%clk 0:00:17]} Rf5 {[%clk 0:00:14]} 35. Rg2+ {[%clk 0:00:14]} Kh7
{[%clk 0:00:16]} 36. Qg3 {[%clk 0:00:10]} Qf7 {[%clk 0:00:13]} 37. Rf4
{[%clk 0:00:05]} Bd7 {[%clk 0:00:13]} 38. Rh4 {[%clk 0:00:06]} Rg8
{[%clk 0:00:07]} 39. Bxf5+ {[%clk 0:00:05]} exf5 {[%clk 0:00:07]} 40. Qxg8+
{[%clk 0:00:05]} Qxg8 {[%clk 0:00:08]} 41. Rxh5# {[%clk 0:00:07]} 1-0

[Event "Blitz 2018"]
[Site "Saint-Petersburg"]
[Date "2018.12.29"]
[Round "10"]
[Board "28"]
[White "Tsoi Dmitry (RUS)"]
[Black "Riazantsev Alexander (RUS)"]
[Result "0-1"]
[LiveChessVersion "1.4.8"]
[BlackElo "2633"]
[WhiteElo "2387"]

1. Nf3 {[%clk 0:03:03]} d5 {[%clk 0:03:03]} 2. g3 {[%clk 0:03:04]} Nd7
{[%clk 0:03:02]} 3. Bg2 {[%clk 0:03:05]} e5 {[%clk 0:03:03]} 4. d3
{[%clk 0:03:06]} Ngf6 {[%clk 0:03:02]} 5. O-O {[%clk 0:03:06]} c6
{[%clk 0:03:03]} 6. Nbd2 {[%clk 0:03:07]} Bd6 {[%clk 0:02:51]} 7. e4
{[%clk 0:03:07]} O-O {[%clk 0:02:52]} 8. c3 {[%clk 0:03:04]} Re8 {[%clk 0:02:53]}
9. Qc2 {[%clk 0:03:04]} dxe4 {[%clk 0:02:53]} 10. dxe4 {[%clk 0:03:05]} Qc7
{[%clk 0:02:48]} 11. a4 {[%clk 0:02:58]} a5 {[%clk 0:02:46]} 12. Nc4
{[%clk 0:02:19]} Bf8 {[%clk 0:02:47]} 13. Be3 {[%clk 0:02:19]} b5
{[%clk 0:02:45]} 14. Ncd2 {[%clk 0:01:58]} Nc5 {[%clk 0:02:27]} 15. axb5
{[%clk 0:01:51]} cxb5 {[%clk 0:02:28]} 16. Rfd1 {[%clk 0:01:22]} Ng4
{[%clk 0:02:06]} 17. Re1 {[%clk 0:00:55]} a4 {[%clk 0:01:52]} 18. Nf1
{[%clk 0:00:54]} Be6 {[%clk 0:01:48]} 19. N3d2 {[%clk 0:00:51]} Red8
{[%clk 0:01:44]} 20. Bxc5 {[%clk 0:00:29]} Bxc5 {[%clk 0:01:44]} 21. Re2
{[%clk 0:00:30]} Qb6 {[%clk 0:01:41]} 22. Nf3 {[%clk 0:00:11]} Bb3
{[%clk 0:01:42]} 23. Qc1 {[%clk 0:00:09]} Nxf2 {[%clk 0:01:40]} 0-1

[Event "Blitz 2018"]
[Site "Saint-Petersburg"]
[Date "2018.12.29"]
[Round "10"]
[Board "29"]
[White "Yakubboev Nodirbek (UZB)"]
[Black "Roiz Michael (ISR)"]
[Result "1-0"]
[LiveChessVersion "1.4.8"]
[BlackElo "2617"]
[WhiteElo "2388"]

1. e4 {[%clk 0:02:59]} e5 {[%clk 0:03:03]} 2. Nf3 {[%clk 0:02:55]} Nc6
{[%clk 0:03:04]} 3. Bb5 {[%clk 0:02:54]} Nf6 {[%clk 0:03:05]} 4. d3
{[%clk 0:02:45]} Bc5 {[%clk 0:03:05]} 5. c3 {[%clk 0:02:31]} O-O {[%clk 0:03:04]}
6. Bxc6 {[%clk 0:01:25]} bxc6 {[%clk 0:03:05]} 7. Nxe5 {[%clk 0:01:25]} d5
{[%clk 0:03:06]} 8. d4 {[%clk 0:01:13]} Bd6 {[%clk 0:03:03]} 9. exd5
{[%clk 0:00:53]} cxd5 {[%clk 0:03:00]} 10. O-O {[%clk 0:00:50]} Re8
{[%clk 0:02:51]} 11. Re1 {[%clk 0:00:36]} c5 {[%clk 0:02:34]} 12. Nd2
{[%clk 0:00:25]} cxd4 {[%clk 0:02:21]} 13. cxd4 {[%clk 0:00:23]} Bf5
{[%clk 0:02:12]} 14. Nb3 {[%clk 0:00:20]} Qb6 {[%clk 0:02:03]} 15. Be3
{[%clk 0:00:13]} a5 {[%clk 0:01:58]} 16. Nd3 {[%clk 0:00:06]} Ng4
{[%clk 0:01:35]} 17. h3 {[%clk 0:00:04]} Nxe3 {[%clk 0:01:36]} 18. fxe3
{[%clk 0:00:04]} Qb5 {[%clk 0:00:35]} 19. Nbc5 {[%clk 0:00:05]} Bxc5
{[%clk 0:00:34]} 20. Nxc5 {[%clk 0:00:06]} Qxb2 {[%clk 0:00:35]} 21. Qb3
{[%clk 0:00:07]} Rab8 {[%clk 0:00:33]} 22. Qxd5 {[%clk 0:00:06]} Bg6
{[%clk 0:00:32]} 23. Rad1 {[%clk 0:00:03]} Red8 {[%clk 0:00:25]} 24. Qc4
{[%clk 0:00:03]} Rb4 {[%clk 0:00:16]} 25. Qe2 {[%clk 0:00:04]} Qa3
{[%clk 0:00:17]} 26. Rd2 {[%clk 0:00:04]} Re8 {[%clk 0:00:16]} 27. Qf2
{[%clk 0:00:05]} Qc3 {[%clk 0:00:13]} 28. e4 {[%clk 0:00:06]} Reb8
{[%clk 0:00:12]} 29. Kh2 {[%clk 0:00:05]} Rb2 {[%clk 0:00:11]} 30. Ree2
{[%clk 0:00:06]} Rb1 {[%clk 0:00:10]} 31. e5 {[%clk 0:00:06]} h5 {[%clk 0:00:07]}
32. e6 {[%clk 0:00:06]} fxe6 {[%clk 0:00:08]} 33. Rxe6 {[%clk 0:00:06]} Rf8
{[%clk 0:00:04]} 34. Qe3 {[%clk 0:00:06]} Qc1 {[%clk 0:00:03]} 35. Rxg6
{[%clk 0:00:05]} h4 {[%clk 0:00:04]} 36. Rxg7+ {[%clk 0:00:03]} Kxg7
{[%clk 0:00:05]} 37. Qg5+ {[%clk 0:00:04]} Kh7 {[%clk 0:00:05]} 38. Qxh4+
{[%clk 0:00:05]} Kg8 {[%clk 0:00:07]} 39. Qg5+ {[%clk 0:00:06]} Kh7
{[%clk 0:00:08]} 40. Qh5+ {[%clk 0:00:07]} Kg7 {[%clk 0:00:09]} 41. Ne6+
{[%clk 0:00:08]} Kf6 {[%clk 0:00:10]} 42. Rf2+ {[%clk 0:00:08]} Kxe6
{[%clk 0:00:11]} 43. Qe5+ {[%clk 0:00:09]} Kd7 {[%clk 0:00:12]} 44. Rxf8
{[%clk 0:00:10]} 1-0

[Event "Blitz 2018"]
[Site "Saint-Petersburg"]
[Date "2018.12.29"]
[Round "10"]
[Board "30"]
[White "Sarana Alexey (RUS)"]
[Black "Sjugirov Sanan (RUS)"]
[Result "1-0"]
[LiveChessVersion "1.4.8"]
[BlackElo "2748"]
[WhiteElo "2616"]

1. d4 {[%clk 0:03:03]} Nf6 {[%clk 0:03:02]} 2. c4 {[%clk 0:03:04]} e6
{[%clk 0:03:03]} 3. Nf3 {[%clk 0:03:05]} d5 {[%clk 0:03:04]} 4. Nc3
{[%clk 0:03:06]} Bb4 {[%clk 0:03:01]} 5. Bg5 {[%clk 0:03:07]} Nbd7
{[%clk 0:03:00]} 6. e3 {[%clk 0:03:07]} c5 {[%clk 0:02:59]} 7. cxd5
{[%clk 0:03:07]} exd5 {[%clk 0:03:01]} 8. Bd3 {[%clk 0:03:08]} Qa5
{[%clk 0:02:54]} 9. O-O {[%clk 0:03:09]} Bxc3 {[%clk 0:02:50]} 10. bxc3
{[%clk 0:03:09]} c4 {[%clk 0:02:42]} 11. Bf5 {[%clk 0:03:10]} Qxc3
{[%clk 0:02:37]} 12. Bxf6 {[%clk 0:02:50]} gxf6 {[%clk 0:01:15]} 13. Qa4
{[%clk 0:02:52]} a6 {[%clk 0:01:16]} 14. Rab1 {[%clk 0:02:43]} b5
{[%clk 0:00:15]} 15. Rxb5 axb5 16. Qxa8 {[%clk 0:02:43]} O-O {[%clk 0:00:17]} 17.
Qxd5 {[%clk 0:02:36]} Nb6 {[%clk 0:00:14]} 18. Qxb5 {[%clk 0:02:35]} Bxf5
{[%clk 0:00:14]} 19. Qxf5 {[%clk 0:02:35]} Qd3 {[%clk 0:00:15]} 20. Qxf6
{[%clk 0:02:31]} Na4 {[%clk 0:00:12]} 21. Ne5 {[%clk 0:02:24]} Qe4
{[%clk 0:00:09]} 22. Nxc4 {[%clk 0:02:13]} 1-0

[Event "Blitz 2018"]
[Site "Saint-Petersburg"]
[Date "2018.12.29"]
[Round "10"]
[Board "32"]
[White "Shaposhnikov Evgeny (RUS)"]
[Black "Jones Gawain C B (ENG)"]
[Result "0-1"]
[LiveChessVersion "1.4.8"]
[BlackElo "2722"]
[WhiteElo "2603"]

1. Nf3 {[%clk 0:03:01]} Nf6 {[%clk 0:03:02]} 2. c4 {[%clk 0:03:02]} g6
{[%clk 0:03:03]} 3. d4 {[%clk 0:03:03]} Bg7 {[%clk 0:03:04]} 4. e3
{[%clk 0:03:04]} O-O {[%clk 0:03:04]} 5. Be2 {[%clk 0:03:05]} d6 {[%clk 0:03:04]}
6. Nc3 {[%clk 0:03:05]} Qe8 {[%clk 0:03:00]} 7. b3 {[%clk 0:03:03]} e5
{[%clk 0:03:00]} 8. dxe5 {[%clk 0:03:00]} Ng4 {[%clk 0:02:58]} 9. O-O
{[%clk 0:02:37]} Nc6 {[%clk 0:02:12]} 10. Nd5 {[%clk 0:02:11]} Qd8
{[%clk 0:01:43]} 11. Bb2 {[%clk 0:01:58]} Ngxe5 {[%clk 0:01:43]} 12. Nxe5
{[%clk 0:01:53]} Nxe5 {[%clk 0:01:43]} 13. Qd2 {[%clk 0:01:46]} Bf5
{[%clk 0:01:31]} 14. Rad1 {[%clk 0:01:42]} Re8 {[%clk 0:01:28]} 15. Bc3
{[%clk 0:01:29]} c6 {[%clk 0:01:10]} 16. Nf4 {[%clk 0:01:27]} Bf8
{[%clk 0:01:11]} 17. Nd3 {[%clk 0:01:18]} Qc7 {[%clk 0:01:12]} 18. Qb2
{[%clk 0:01:16]} Bg7 {[%clk 0:01:09]} 19. Rd2 {[%clk 0:01:10]} a5
{[%clk 0:00:57]} 20. a4 {[%clk 0:01:05]} Rad8 {[%clk 0:00:41]} 21. Rfd1
{[%clk 0:01:06]} d5 {[%clk 0:00:31]} 22. Nf4 {[%clk 0:00:53]} dxc4
{[%clk 0:00:19]} 23. Rxd8 {[%clk 0:00:51]} Rxd8 {[%clk 0:00:20]} 24. Rxd8+
{[%clk 0:00:52]} Qxd8 {[%clk 0:00:22]} 25. bxc4 {[%clk 0:00:43]} Qc7
{[%clk 0:00:19]} 26. c5 {[%clk 0:00:41]} h5 {[%clk 0:00:16]} 27. Qd2
{[%clk 0:00:40]} Nd7 {[%clk 0:00:15]} 28. Bxa5 {[%clk 0:00:39]} Qe5
{[%clk 0:00:16]} 29. h3 {[%clk 0:00:26]} Nxc5 {[%clk 0:00:17]} 30. Qb4
{[%clk 0:00:22]} Ne4 {[%clk 0:00:16]} 31. Nd3 {[%clk 0:00:17]} Qa1+
{[%clk 0:00:17]} 32. Kh2 {[%clk 0:00:17]} Bf8 {[%clk 0:00:15]} 33. Qd4
{[%clk 0:00:15]} Bd6+ {[%clk 0:00:13]} 34. f4 {[%clk 0:00:15]} Qxd4
{[%clk 0:00:11]} 35. exd4 {[%clk 0:00:16]} h4 {[%clk 0:00:10]} 36. Ne5
{[%clk 0:00:15]} f6 {[%clk 0:00:10]} 37. Bc4+ {[%clk 0:00:16]} Kg7
{[%clk 0:00:11]} 38. Nd3 {[%clk 0:00:17]} Ng3 {[%clk 0:00:10]} 39. Be1
{[%clk 0:00:14]} Ne2 {[%clk 0:00:10]} 40. Bxh4 {[%clk 0:00:13]} g5
{[%clk 0:00:07]} 41. Bf2 {[%clk 0:00:13]} Nxf4 {[%clk 0:00:05]} 42. Bg3
{[%clk 0:00:13]} Bxd3 {[%clk 0:00:04]} 43. Bxd3 {[%clk 0:00:10]} Nxd3
{[%clk 0:00:05]} 44. Bxd6 {[%clk 0:00:11]} Nb2 {[%clk 0:00:05]} 45. a5
{[%clk 0:00:12]} Kf7 {[%clk 0:00:06]} 46. g3 {[%clk 0:00:13]} Ke6
{[%clk 0:00:08]} 47. Bc7 {[%clk 0:00:14]} Kf5 {[%clk 0:00:07]} 48. Kg2
{[%clk 0:00:14]} Nc4 {[%clk 0:00:04]} 49. Kf3 {[%clk 0:00:15]} Nd2+
{[%clk 0:00:05]} 50. Ke3 {[%clk 0:00:16]} Nc4+ {[%clk 0:00:06]} 51. Kd3
{[%clk 0:00:16]} Na3 {[%clk 0:00:07]} 52. g4+ {[%clk 0:00:15]} Ke6
{[%clk 0:00:08]} 53. Ke4 {[%clk 0:00:12]} Nc4 {[%clk 0:00:08]} 54. Kd3
{[%clk 0:00:11]} Kd5 {[%clk 0:00:10]} 55. Bd8 {[%clk 0:00:12]} Nb2+
{[%clk 0:00:07]} 56. Kc3 {[%clk 0:00:12]} Nd1+ {[%clk 0:00:08]} 57. Kd2
{[%clk 0:00:11]} Nf2 {[%clk 0:00:09]} 58. Bxf6 {[%clk 0:00:11]} Ne4+
{[%clk 0:00:11]} 0-1